كشف المحجوب / (Record no. 7449)
[ view plain ]
| 000 -LEADER | |
|---|---|
| fixed length control field | 01372nac a22002051u 4500 |
| 008 - FIXED-LENGTH DATA ELEMENTS--GENERAL INFORMATION | |
| fixed length control field | 110105t xxu||||| |||| 00| 0 eng d |
| 082 ## - DEWEY DECIMAL CLASSIFICATION NUMBER | |
| Classification number | 260 |
| Item number | ه ج و |
| 100 ## - MAIN ENTRY--PERSONAL NAME | |
| Personal name | الهجويري ، |
| 9 (RLIN) | 21726 |
| Fuller form of name | على بن عثمان بن أبي علي الجلالي |
| 245 ## - TITLE STATEMENT | |
| Title | كشف المحجوب / |
| Statement of responsibility, etc | ألفه بالفارسية أبو الحسن علي بن عثمان الهجويري ؛ ترجمه عن الانجليزية محمود أحمد ماضي أبو العزائم ؛ راجع الترجمة الانجليزية على الترجمة العربية اسماعيل ماضي أبو العزائم؛ طابقه على الأصل الفارسي وحققه وقدم له ابراهيم الدسوقي شتا / |
| 260 ## - PUBLICATION, DISTRIBUTION, ETC. (IMPRINT) | |
| Place of publication, distribution, etc | القاهرة : |
| Name of publisher, distributor, etc | دار التراث العربي ، [1974] |
| Date of publication, distribution, etc | [1974] |
| 300 ## - PHYSICAL DESCRIPTION | |
| Extent | 515 ص ؛ |
| Dimensions | 24 سم |
| 511 ## - PARTICIPANT OR PERFORMER NOTE | |
| Participant or performer note | Catalogued by: Sara |
| 650 ## - SUBJECT ADDED ENTRY--TOPICAL TERM | |
| Topical term or geographic name as entry element | التصوف الإسلامي |
| 9 (RLIN) | 16733 |
| 700 ## - ADDED ENTRY--PERSONAL NAME | |
| Personal name | أبو العزائم ، محمود أحمد ماضي |
| 9 (RLIN) | 21727 |
| 700 ## - ADDED ENTRY--PERSONAL NAME | |
| Personal name | أبو العزائم ، اسماعيل ماضي |
| 9 (RLIN) | 21728 |
| 700 ## - ADDED ENTRY--PERSONAL NAME | |
| Personal name | شتا ، ابراهيم الدسوقي |
| 9 (RLIN) | 21729 |
| 700 ## - ADDED ENTRY--PERSONAL NAME | |
| Personal name | Shata, Ibrahim Al Desoukey |
| 9 (RLIN) | 21730 |
| 942 ## - ADDED ENTRY ELEMENTS (KOHA) | |
| Item type | Book - Borrowing |
| Call number prefix | 260 ه ج و |
| Source of classification or shelving scheme | Dewey Decimal Classification |
| Withdrawn status | Item status | Source of classification or shelving scheme | Damaged status | Not for loan | Vendor | Home library | Current library | Shelving location | Date acquired | Source of acquisition | Total Checkouts | Total Renewals | Full call number | Barcode | Date last seen | Date last borrowed | Koha item type |
|---|---|---|---|---|---|---|---|---|---|---|---|---|---|---|---|---|---|
| Dewey Decimal Classification | Central Library | Central Library | Lower Floor | 05/01/2011 | 2 | 3 | 260 ه ج و | 000008889 | 13/10/2025 | 08/10/2025 | Book - Borrowing |